[Event "Sachsen-ch U16"]
[Site "Sebnitz"]
[Date "2013.04.03"]
[Round "2"]
[White "Richter, Leonard"]
[Black "Fuchs, Sebastian"]
[Result "1-0"]
[WhiteElo "2069"]
[BlackElo "1627"]
[PlyCount "47"]
[EventDate "2013.04.02"]
[EventType "swiss"]
[EventRounds "7"]
[EventCountry "GER"]
[SourceTitle "EXT 2014"]
[Source "ChessBase"]
[SourceDate "2013.11.20"]
[SourceVersion "1"]
[SourceVersionDate "2013.11.20"]
[SourceQuality "1"]

1. e4 e5 2. Nf3 Nc6 3. d4 exd4 4. Nxd4 Bc5 5. Be3 Qf6 6. Nb5 Bxe3 7. fxe3 Qh4+ 8. g3 Qd8 9. Qg4 g5 10. Qe2 d6 11. Qf2 Nf6 12. Nxc7+ Qxc7 13. Qxf6 Rg8 14. Nc3 Be6 15. Bb5 a6 16. Bxc6+ Qxc6 17. 0-0-0 b5 18. Rhf1 Rc8 19. Rf2 Qc5 20. Nd5 Qa7 21. Kb1 Rd8 22. Qc3 Bxd5 23. Rxd5 Qb7 24. Rfd2 1-0

[Event "GER-chT U14"]
[Site "Magdeburg"]
[Date "2012.12.29"]
[Round "6.2"]
[White "Fuchs, Sebastian"]
[Black "Donath, Johann"]
[Result "0-1"]
[WhiteElo "1673"]
[BlackElo "1924"]
[PlyCount "69"]
[EventDate "2012.12.27"]
[EventType "team-swiss"]
[EventRounds "7"]
[EventCountry "GER"]
[SourceTitle "EXT 2014"]
[Source "ChessBase"]
[SourceDate "2013.11.20"]
[SourceVersion "1"]
[SourceVersionDate "2013.11.20"]
[SourceQuality "1"]
[WhiteTeam "Dresden TU"]
[BlackTeam "Weissensee Chemie"]
[WhiteTeamCountry "GER"]
[BlackTeamCountry "GER"]

1. e4 e5 2. Nf3 Nc6 3. Bb5 a6 4. Ba4 Nf6 5. 0-0 Be7 6. Re1 b5 7. Bb3 d6 8. c3 Na5 9. Bc2 c5 10. d3 h6 11. Nbd2 0-0 12. Nf1 Re8 13. Ng3 Bf8 14. h3 Nc6 15. Be3 d5 16. exd5 Nxd5 17. d4 exd4 18. cxd4 c4 19. Bd2 Bb7 20. a3 g6 21. Rxe8 Qxe8 22. Ne4 f5 23. Nc3 Qd7 24. Qc1 Kh7 25. Ne5 Nxe5 26. dxe5 Qc6 27. Qf1 Bg7 28. f4 a5 29. Rd1 Nxc3 30. Bxc3 Bf8 31. Kh2 b4 32. axb4 axb4 33. Be1 Ra2 34. Rb1 c3 35. g4 0-1

[Event "Sachsen-ch U14"]
[Site "Sebnitz"]
[Date "2012.04.13"]
[Round "6"]
[White "Fuchs, Sebastian"]
[Black "Zaehringer, Daniel"]
[Result "1-0"]
[WhiteElo "1540"]
[BlackElo "1477"]
[PlyCount "91"]
[EventDate "2012.04.10"]
[EventType "swiss"]
[EventRounds "7"]
[EventCountry "GER"]
[SourceTitle "CBM 148 Extra"]
[Source "ChessBase"]
[SourceDate "2012.06.22"]
[SourceVersion "1"]
[SourceVersionDate "2012.06.22"]
[SourceQuality "1"]

1. e4 e5 2. Nf3 Nf6 3. Nc3 Nc6 4. d4 exd4 5. Nxd4 Bb4 6. Nxc6 bxc6 7. Bd3 0-0 8. 0-0 Re8 9. Re1 d5 10. exd5 cxd5 11. Bd2 Bb7 12. a3 Bxc3 13. Bxc3 Qd6 14. Qf3 Ne4 15. Bxe4 dxe4 16. Qg4 Qg6 17. Qxg6 hxg6 18. Rad1 Rad8 19. Ba5 Rxd1 20. Rxd1 Rc8 21. Rd7 Kf8 22. Rxc7 Rxc7 23. Bxc7 Ke7 24. Kf1 Ke6 25. Ke2 f5 26. Bb8 a6 27. g3 Kd5 28. Bc7 Bc6 29. Ke3 Ba4 30. b3 Bd7 31. Kf4 Ke6 32. h4 Bb5 33. Kg5 Kf7 34. h5 gxh5 35. Kxf5 e3 36. fxe3 Be2 37. c4 Bd3+ 38. Ke5 g5 39. Kd5 Bc2 40. b4 Ba4 41. c5 Kf6 42. e4 Bb3+ 43. Kc6 Bc4 44. Kb6 h4 45. gxh4 gxh4 46. Bd8+ 1-0

[Event "Sachsen-ch U14"]
[Site "Sebnitz"]
[Date "2012.04.12"]
[Round "4"]
[White "Fuchs, Sebastian"]
[Black "Essler, Oskar"]
[Result "1/2-1/2"]
[WhiteElo "1540"]
[BlackElo "1570"]
[PlyCount "35"]
[EventDate "2012.04.10"]
[EventType "swiss"]
[EventRounds "7"]
[EventCountry "GER"]
[SourceTitle "CBM 148 Extra"]
[Source "ChessBase"]
[SourceDate "2012.06.22"]
[SourceVersion "1"]
[SourceVersionDate "2012.06.22"]
[SourceQuality "1"]

1. e4 e6 2. d4 d5 3. e5 c5 4. c3 Nc6 5. Nf3 Qb6 6. a3 c4 7. Be2 Bd7 8. 0-0 Na5 9. Nbd2 Ne7 10. h4 Ng6 11. g3 0-0-0 12. Ng5 Be8 13. Bg4 h6 14. Ngf3 Bd7 15. Ne1 f5 16. exf6 gxf6 17. Ng2 Bd6 18. Re1 1/2-1/2

[Event "Sachsen-ch U14"]
[Site "Sebnitz"]
[Date "2012.04.11"]
[Round "2"]
[White "Fuchs, Sebastian"]
[Black "Dresig, Moritz"]
[Result "1-0"]
[WhiteElo "1540"]
[BlackElo "1529"]
[PlyCount "43"]
[EventDate "2012.04.10"]
[EventType "swiss"]
[EventRounds "7"]
[EventCountry "GER"]
[SourceTitle "CBM 148 Extra"]
[Source "ChessBase"]
[SourceDate "2012.06.22"]
[SourceVersion "1"]
[SourceVersionDate "2012.06.22"]
[SourceQuality "1"]

1. e4 d6 2. Nf3 Nf6 3. Nc3 g6 4. Be2 Bg7 5. 0-0 0-0 6. d4 Nbd7 7. Bg5 c5 8. Rb1 cxd4 9. Nxd4 Nc5 10. f3 a6 11. Qd2 e5 12. Nb3 Ne6 13. Be3 Re8 14. Rfd1 Bf8 15. Kh1 Nh5 16. Nd5 Qh4 17. Qe1 Qxe1+ 18. Rxe1 Nhf4 19. Nf6+ Kh8 20. Nxe8 Nxe2 21. Rxe2 Be7 22. Rd2 1-0

[Event "GER-chT U20"]
[Site "Osnabrueck"]
[Date "2011.12.30"]
[Round "7.5"]
[White "Hempel, Kevin"]
[Black "Fuchs, Sebastian"]
[Result "1-0"]
[WhiteElo "1550"]
[BlackElo "1483"]
[PlyCount "69"]
[EventDate "2011.12.27"]
[EventType "team-swiss"]
[EventRounds "7"]
[EventCountry "GER"]
[SourceTitle "CBM 146 Extra"]
[Source "ChessBase"]
[SourceDate "2012.02.29"]
[SourceVersion "1"]
[SourceVersionDate "2012.02.29"]
[SourceQuality "1"]
[WhiteTeam "Wilkau Hasslau Muldental"]
[BlackTeam "Dresden"]
[WhiteTeamCountry "GER"]
[BlackTeamCountry "GER"]

1. e4 e5 2. Nf3 d6 3. d4 exd4 4. Nxd4 Nf6 5. Nc3 Be7 6. Bc4 Bd7 7. Bf4 Nc6 8. Nf3 a6 9. Qe2 Bg4 10. 0-0-0 Qc8 11. h3 Bxf3 12. Qxf3 0-0 13. g4 b5 14. Bd5 Nxd5 15. Nxd5 Re8 16. Qc3 Qb7 17. g5 Bf8 18. f3 a5 19. Kb1 Rec8 20. h4 Ne7 21. h5 Nxd5 22. exd5 b4 23. Qd4 a4 24. Rd3 Rcb8 25. h6 g6 26. Re1 Qa6 27. Re7 Re8 28. Rxc7 Qa5 29. Rb7 Qd8 30. Qxb4 Rc8 31. a3 f6 32. gxf6 Qxf6 33. Qxa4 Re1+ 34. Ka2 Qf5 35. Qd4 1-0

[Event "GER-chT U20"]
[Site "Osnabrueck"]
[Date "2011.12.29"]
[Round "5.5"]
[White "Fuchs, Sebastian"]
[Black "Xiong, Ferdinand"]
[Result "1/2-1/2"]
[WhiteElo "1483"]
[BlackElo "1915"]
[PlyCount "107"]
[EventDate "2011.12.27"]
[EventType "team-swiss"]
[EventRounds "7"]
[EventCountry "GER"]
[SourceTitle "CBM 146 Extra"]
[Source "ChessBase"]
[SourceDate "2012.02.29"]
[SourceVersion "1"]
[SourceVersionDate "2012.02.29"]
[SourceQuality "1"]
[WhiteTeam "Dresden"]
[BlackTeam "Vaterstetten"]
[WhiteTeamCountry "GER"]
[BlackTeamCountry "GER"]

1. e4 c5 2. Nf3 d6 3. d4 cxd4 4. Nxd4 Nf6 5. Nc3 g6 6. Be3 Bg7 7. f3 0-0 8. Bc4 Nc6 9. Qd2 Bd7 10. 0-0 Rc8 11. Nxc6 bxc6 12. Kh1 Qc7 13. Rab1 a5 14. Qf2 Rb8 15. b3 e5 16. Rfd1 Be6 17. Bxe6 fxe6 18. Na4 Nxe4 19. Qg1 Nf6 20. Bb6 Qe7 21. Bxa5 e4 22. Rf1 Rb5 23. Bc3 exf3 24. Rxf3 Ne4 25. Qe3 Rxf3 26. Qxf3 Nxc3 27. Nxc3 Rc5 28. Ne4 Rxc2 29. a4 d5 30. Qd3 Rb2 31. Rxb2 Bxb2 32. Ng3 Qb4 33. Qe3 e5 34. Nf1 Bd4 35. Qc1 Bc3 36. Qd1 e4 37. g3 Qd4 38. Qxd4 Bxd4 39. Kg2 Bc3 40. Kf2 Kf7 41. Ne3 Ke6 42. Nc2 c5 43. Ke2 d4 44. Kf2 Kd5 45. Na3 e3+ 46. Kf3 g5 47. h3 h5 48. g4 hxg4+ 49. hxg4 Bb2 50. Nc4 Bc1 51. Nb6+ Kc6 52. Nc4 d3 53. Nxe3 Kb6 54. Nc4+ 1/2-1/2

[Event "GER-chT U20"]
[Site "Osnabrueck"]
[Date "2011.12.29"]
[Round "6.5"]
[White "Melcher, Max"]
[Black "Fuchs, Sebastian"]
[Result "1/2-1/2"]
[WhiteElo "1484"]
[BlackElo "1483"]
[PlyCount "59"]
[EventDate "2011.12.27"]
[EventType "team-swiss"]
[EventRounds "7"]
[EventCountry "GER"]
[SourceTitle "CBM 146 Extra"]
[Source "ChessBase"]
[SourceDate "2012.02.29"]
[SourceVersion "1"]
[SourceVersionDate "2012.02.29"]
[SourceQuality "1"]
[WhiteTeam "Magdeburg Aufbau Elbe"]
[BlackTeam "Dresden"]
[WhiteTeamCountry "GER"]
[BlackTeamCountry "GER"]

1. c4 c5 2. Nc3 Nc6 3. Nf3 Nf6 4. d4 cxd4 5. Nxd4 Qb6 6. Nb3 g6 7. c5 Qd8 8. Bf4 a6 9. e4 Bg7 10. Be2 0-0 11. 0-0 e5 12. Be3 Qc7 13. Nd5 Nxd5 14. Qxd5 Rd8 15. Rfd1 Bf8 16. Bg5 Be7 17. Bxe7 Nxe7 18. Qd6 Qxd6 19. cxd6 Nc6 20. Bc4 b6 21. a3 Bb7 22. Rd3 Rac8 23. Rf3 Rf8 24. Rc3 Na7 25. f3 Rc6 26. Rac1 Rxd6 27. Be2 Rc6 28. Rd1 Rxc3 29. bxc3 Rd8 30. c4 1/2-1/2

[Event "GER-chT U20"]
[Site "Osnabrueck"]
[Date "2011.12.28"]
[Round "4.5"]
[White "Fuchs, Sebastian"]
[Black "Wittig, Till"]
[Result "1/2-1/2"]
[WhiteElo "1483"]
[BlackElo "1794"]
[PlyCount "127"]
[EventDate "2011.12.27"]
[EventType "team-swiss"]
[EventRounds "7"]
[EventCountry "GER"]
[SourceTitle "CBM 146 Extra"]
[Source "ChessBase"]
[SourceDate "2012.02.29"]
[SourceVersion "1"]
[SourceVersionDate "2012.02.29"]
[SourceQuality "1"]
[WhiteTeam "Dresden"]
[BlackTeam "Koeln Porz"]
[WhiteTeamCountry "GER"]
[BlackTeamCountry "GER"]

1. e4 Nc6 2. Nf3 d6 3. d3 Nf6 4. Be2 Bg4 5. Nc3 e6 6. Bg5 Be7 7. a3 0-0 8. 0-0 d5 9. exd5 Nxd5 10. Bxe7 Ncxe7 11. Nxd5 Nxd5 12. Nd2 Bxe2 13. Qxe2 c5 14. Rfe1 Qc7 15. Rab1 Rfd8 16. Nc4 b5 17. Ne3 Nb6 18. b3 a5 19. Rec1 Qe5 20. Qg4 Nd7 21. Qe4 Qd6 22. h3 Ne5 23. Re1 Nc6 24. Qg4 Nd4 25. Qd1 e5 26. Qg4 Re8 27. Nf5 Qf6 28. Nxd4 cxd4 29. Qe2 Rac8 30. Rb2 Qd6 31. Ra2 Re6 32. f3 f6 33. Qd2 Qc7 34. Re2 Rc6 35. Qd1 Kf7 36. Kf2 g5 37. g4 Kg6 38. Kg2 Rh8 39. Qe1 h5 40. Kg1 hxg4 41. hxg4 Qh7 42. Rg2 Qh1+ 43. Kf2 Qxe1+ 44. Kxe1 Rh1+ 45. Ke2 Rc1 46. Kd2 Rf1 47. Ke2 Rh1 48. Rf2 f5 49. gxf5+ Kxf5 50. Rg2 Rch6 51. a4 b4 52. Kf2 R6h4 53. Rb2 Kf4 54. Ke2 R1h2 55. Kf2 R4h3 56. Rb1 Rxf3+ 57. Kg1 Rxg2+ 58. Kxg2 g4 59. Re1 Re3 60. Rf1+ Kg5 61. Rf2 g3 62. Rf8 Re2+ 63. Kxg3 Rxc2 64. Kf3 1/2-1/2

[Event "GER-chT U20"]
[Site "Osnabrueck"]
[Date "2011.12.27"]
[Round "2.5"]
[White "Fuchs, Sebastian"]
[Black "Wroblowski, Oliver"]
[Result "0-1"]
[WhiteElo "1483"]
[BlackElo "1998"]
[PlyCount "72"]
[EventDate "2011.12.27"]
[EventType "team-swiss"]
[EventRounds "7"]
[EventCountry "GER"]
[SourceTitle "CBM 146 Extra"]
[Source "ChessBase"]
[SourceDate "2012.02.29"]
[SourceVersion "1"]
[SourceVersionDate "2012.02.29"]
[SourceQuality "1"]
[WhiteTeam "Dresden"]
[BlackTeam "Solingen"]
[WhiteTeamCountry "GER"]
[BlackTeamCountry "GER"]

1. e4 c5 2. Nf3 d6 3. d4 cxd4 4. Nxd4 Nf6 5. Nc3 a6 6. Be3 e5 7. Nb3 Be7 8. Be2 Be6 9. Nd2 Qc7 10. 0-0 0-0 11. Na4 Nbd7 12. b3 b5 13. Nb2 d5 14. Bg5 Ba3 15. exd5 Nxd5 16. Qc1 Qc3 17. Rb1 f6 18. Bh4 Qb4 19. c4 Nc3 20. Bf3 Nxb1 21. Nxb1 Bxb2 22. Qxb2 bxc4 23. Bxa8 Rxa8 24. Bg3 cxb3 25. axb3 Qxb3 26. Qc1 a5 27. Qc6 Qd5 28. Qa4 Nb6 29. Qa1 a4 30. Nc3 Qc6 31. Rc1 Rc8 32. f3 Nd5 33. Be1 Nf4 34. Bd2 Qc5+ 35. Kh1 Nd3 36. Rf1 Nf2+ 0-1

[Event "GER-chT U12"]
[Site "Gross Doelln"]
[Date "2010.12.30"]
[Round "7.4"]
[White "Hummel, Jeremias"]
[Black "Fuchs, Sebastian"]
[Result "0-1"]
[WhiteElo "1141"]
[BlackElo "1363"]
[PlyCount "58"]
[EventDate "2010.12.27"]
[EventType "team-swiss"]
[EventRounds "7"]
[EventCountry "GER"]
[SourceTitle "CBM 140 Extra"]
[Source "ChessBase"]
[SourceDate "2011.03.01"]
[SourceVersion "1"]
[SourceVersionDate "2011.03.01"]
[SourceQuality "1"]
[WhiteTeam "Leipzig Turm U12"]
[BlackTeam "Dresden USV TU U12"]
[WhiteTeamCountry "GER"]
[BlackTeamCountry "GER"]

1. d4 Nf6 2. Nf3 g6 3. e3 Bg7 4. Bd3 d6 5. Nbd2 0-0 6. c3 Nbd7 7. Qe2 e5 8. 0-0 Ne8 9. e4 f5 10. Re1 f4 11. Nb3 g5 12. h3 h6 13. a4 Nef6 14. Nh2 Kh7 15. Rd1 Qe8 16. a5 a6 17. Kf1 Qg6 18. c4 h5 19. f3 Rg8 20. Ke1 Bh6 21. d5 g4 22. hxg4 hxg4 23. Rd2 Qh5 24. Nf1 Nf8 25. Rc2 gxf3 26. gxf3 Bh3 27. Qd1 Qh4+ 28. Ng3 Qxg3+ 29. Ke2 Qg2+ 0-1

[Event "GER-chT U12"]
[Site "Gross Doelln"]
[Date "2010.12.28"]
[Round "4.4"]
[White "Fuchs, Sebastian"]
[Black "Hoffmann, Fabian"]
[Result "1-0"]
[WhiteElo "1363"]
[BlackElo "1262"]
[PlyCount "69"]
[EventDate "2010.12.27"]
[EventType "team-swiss"]
[EventRounds "7"]
[EventCountry "GER"]
[SourceTitle "CBM 140 Extra"]
[Source "ChessBase"]
[SourceDate "2011.03.01"]
[SourceVersion "1"]
[SourceVersionDate "2011.03.01"]
[SourceQuality "1"]
[WhiteTeam "Dresden USV TU U12"]
[BlackTeam "Raesfeld Erle U12"]
[WhiteTeamCountry "GER"]
[BlackTeamCountry "GER"]

1. e4 e5 2. Nf3 Nc6 3. Bb5 Bc5 4. 0-0 d6 5. d4 exd4 6. Nxd4 Bd7 7. Nxc6 bxc6 8. Bc4 Nf6 9. Nc3 Bg4 10. Qd3 0-0 11. Be3 Bb4 12. f3 Bh5 13. a3 Ba5 14. Rab1 Bb6 15. Bf2 Rb8 16. Kh1 Qe7 17. Bg3 Rfe8 18. Na4 Bg6 19. Nxb6 Rxb6 20. Qc3 Reb8 21. Bf2 R6b7 22. Ba6 Rb5 23. Bxb5 cxb5 24. Bxa7 Rb7 25. Bf2 Nd7 26. Qc6 Nc5 27. Bxc5 Rb8 28. Ba7 Rd8 29. Rbd1 f6 30. Qxb5 Bf7 31. Bf2 Qf8 32. Qc6 Qe7 33. Bg3 Rb8 34. b3 Rb6 35. Qa8+ 1-0

[Event "GER-chT U12"]
[Site "Gross Doelln"]
[Date "2010.12.28"]
[Round "3.4"]
[White "Leeb, Simon"]
[Black "Fuchs, Sebastian"]
[Result "0-1"]
[WhiteElo "1235"]
[BlackElo "1363"]
[PlyCount "104"]
[EventDate "2010.12.27"]
[EventType "team-swiss"]
[EventRounds "7"]
[EventCountry "GER"]
[SourceTitle "CBM 140 Extra"]
[Source "ChessBase"]
[SourceDate "2011.03.01"]
[SourceVersion "1"]
[SourceVersionDate "2011.03.01"]
[SourceQuality "1"]
[WhiteTeam "Muenchen Suedost U12"]
[BlackTeam "Dresden USV TU U12"]
[WhiteTeamCountry "GER"]
[BlackTeamCountry "GER"]

1. Nf3 Nc6 2. c4 e5 3. Nc3 d6 4. g3 Nf6 5. d3 Bd7 6. Bg2 Be7 7. 0-0 Qc8 8. a3 0-0 9. b4 a6 10. Nd2 Bh3 11. Nde4 h6 12. Be3 Bxg2 13. Kxg2 Ng4 14. Qd2 f5 15. f3 Nxe3+ 16. Qxe3 fxe4 17. Nxe4 Nd4 18. Qd2 Nb3 19. Qe3 Nxa1 20. Rxa1 Qd8 21. Qd2 Bf6 22. Rf1 Bg5 23. Qb2 Kh8 24. Nc3 c6 25. Ne4 Qe7 26. Qb3 b5 27. c5 d5 28. Nc3 Qf7 29. Nd1 a5 30. Nf2 d4 31. Qb1 axb4 32. axb4 Qa2 33. Qe1 Qd2 34. Qb1 Qxe2 35. Qd1 Qxd1 36. Rxd1 Ra2 37. Rf1 Be3 38. h4 Rfa8 39. g4 R8a3 40. Kg3 Bxf2+ 41. Rxf2 Rxf2 42. Kxf2 Rxd3 43. g5 Rb3 44. gxh6 gxh6 45. h5 Kg7 46. f4 exf4 47. Ke2 Re3+ 48. Kd2 f3 49. Kc2 f2 50. Kb2 f1Q 51. Ka2 Qf2+ 52. Kb1 Re1# 0-1

[Event "GER-chT U12"]
[Site "Gross Doelln"]
[Date "2010.12.27"]
[Round "2.4"]
[White "Fuchs, Sebastian"]
[Black "Ehmann, Thilo"]
[Result "1-0"]
[WhiteElo "1363"]
[BlackElo "1288"]
[PlyCount "123"]
[EventDate "2010.12.27"]
[EventType "team-swiss"]
[EventRounds "7"]
[EventCountry "GER"]
[SourceTitle "CBM 140 Extra"]
[Source "ChessBase"]
[SourceDate "2011.03.01"]
[SourceVersion "1"]
[SourceVersionDate "2011.03.01"]
[SourceQuality "1"]
[WhiteTeam "Dresden USV TU U12"]
[BlackTeam "Sasbach U12"]
[WhiteTeamCountry "GER"]
[BlackTeamCountry "GER"]

1. e4 e5 2. Nf3 Nc6 3. Bb5 a6 4. Ba4 Nf6 5. 0-0 Be7 6. Re1 b5 7. Bb3 0-0 8. d3 d5 9. exd5 Nxd5 10. Nxe5 Nxe5 11. Rxe5 Nf6 12. Nd2 Bd6 13. Re1 Ng4 14. Nf1 Bb7 15. Qxg4 Qf6 16. c3 Rad8 17. Qg5 Qg6 18. Qxg6 hxg6 19. Be3 Kh7 20. h3 f6 21. d4 g5 22. Ng3 g6 23. Bc2 Kh6 24. Bd2 f5 25. h4 f4 26. hxg5+ Kxg5 27. Ne4+ Bxe4 28. Bxe4 Rh8 29. b4 Rh7 30. f3 Rdh8 31. Kf2 Rh2 32. a4 R8h3 33. Rg1 Kf6 34. axb5 axb5 35. Ra6 g5 36. Rc6 Ke7 37. Ra6 Kd7 38. Bf5+ Kd8 39. Re1 Rxg2+ 40. Kxg2 Rg3+ 41. Kf2 c6 42. Rxc6 Bc7 43. Rg1 Rxg1 44. Kxg1 Ke7 45. Rxc7+ Kf6 46. Bg4 Kg6 47. Rc6+ Kf7 48. Re6 Kg7 49. Bxf4 gxf4 50. Kh2 Kf7 51. Kh3 Kg7 52. Kh4 Kf7 53. Kg5 Kg7 54. Re7+ Kf8 55. Ra7 Ke8 56. Kf6 Kd8 57. Ke6 Kc8 58. Kd6+ Kb8 59. Rh7 Ka8 60. Kc6 Kb8 61. Kb6 Ka8 62. Rh8# 1-0